The Down's Syndrome Handbook / A Practical Guide for Parents and Carers (Record no. 6429)
[ view plain ]
| 000 -LEADER | |
|---|---|
| fixed length control field | 01219cam a22002174a 4500 |
| 005 - ΗΜΕΡΟΜΗΝΙΑ ΚΑΙ ΩΡΑ ΤΕΛΕΥΤΑΙΑΣ ΕΝΗΜΕΡΩΣΗΣ | |
| Πεδίο ελέγχου | 20250605164242.0 |
| 008 - FIXED-LENGTH DATA ELEMENTS--GENERAL INFORMATION | |
| Πεδίο ελέγχου σταθερού μήκους | 250528s ||||||||||||||||||||||||d |
| 035 ## - SYSTEM CONTROL NUMBER | |
| System control number | 21365 |
| 020 ## - ISBN | |
| ISBN | 9780091884307 |
| 040 ## - ΠΗΓΗ ΚΑΤΑΛΟΓΟΓΡΑΦΗΣΗΣ | |
| Φορέας πρωτότυπης καταλογογράφησης | MC Athens Campus Library |
| Γλώσσα καταλογογράφησης | Ελληνικά, Μοντέρνα (1453-) |
| Modifying agency | MC Athens Campus Library |
| Κανόνες περιγραφικής καταλογογράφησης | AACR2 |
| 245 1# - ΤΙΤΛΟΣ ΚΑΙ ΔΗΛΩΣΗ ΥΠΕΥΘΥΝΟΤΗΤΑΣ | |
| Τίτλος | The Down's Syndrome Handbook / A Practical Guide for Parents and Carers |
| 250 ## - EDITION STATEMENT | |
| Edition statement | Revised |
| 260 ## - PUBLICATION, DISTRIBUTION, ETC. | |
| Date of publication, distribution, etc. | 2004 |
| 300 ## - PHYSICAL DESCRIPTION | |
| Extent | 166 |
| 520 ## - SUMMARY, ETC. | |
| Summary, etc. | This book goes beyond the average introduction to Down's syndrome and addresses the questions, practical or otherwise, that parents will often find themselves asking, offering information and advice on a wide variety of issues. Acknowledgements, Preface, Introduction, What is Down's Syndrome, Incidence and Risk of Recurrence and Antenatal Diagnosis, Hearing the News, Help with the Baby, Medical Aspects of Down's Syndrome, Going to School, Progress at School, Growing Up and Adult Life, Hopes and Fears, Growing Up with Down's Syndrome in the 21st Century, Glossary, About the Down's Syndrome Association and Its Mission, Useful Addresses, Websites, Further Reading, Index. |
| 700 1# - ΠΡΟΣΘΕΤΗ ΑΝΑΓΡΑΦΗ--ΦΥΣΙΚΟ ΠΡΟΣΩΠΟ | |
| Personal name | Newton Richard |
| 9 (RLIN) | 7419 |
| 700 1# - ΠΡΟΣΘΕΤΗ ΑΝΑΓΡΑΦΗ--ΦΥΣΙΚΟ ΠΡΟΣΩΠΟ | |
| Personal name | Vermilion |
| 9 (RLIN) | 564 |
| 942 ## - ADDED ENTRY ELEMENTS (KOHA) | |
| Koha item type | Books |
| Τύπος τεκμηρίου | Βιβλιοθήκη | Τρέχουσα τοποθεσία | Barcode | Αριθμός εισαγωγής | Ημερομηνία απόκτησης | Ταξιθετικό σύμβολο | Αριθμός αντιτύπου | Κατάσταση απόσυρσης | Κατάσταση χαμένου | Κατάσταση κατεστραμμένου | Μη δανεισμός | Σύνολο δανεισμών | Ημερομηνία τελευταίας εμφάνισης | Η τιμή ισχύει από |
|---|---|---|---|---|---|---|---|---|---|---|---|---|---|---|
| Books | MC Athens Campus Library | MC Athens Campus Library | 9780000064288 | 5612 | 05/06/2025 | 616.858842 NEW | 1 | 05/06/2025 | 05/06/2025 |